Statistics for Minecraft Armour

Click here to take the quiz!

General Stats

  • This quiz has been taken 155 times
  • The average score is 5 of 5

Answer Stats

Answer% Correct
diamond
100%
iron
99%
gold
98%
leather
92%
chain mail
71%

Score Distribution

Percentile by Number Answered

Percent of People with Each Score

Your Score History

You have not taken this quiz